|
|
|
|
| LEADER |
00000naa2a2200000 4500 |
| 001 |
96656 |
| 005 |
20240206094811.0 |
| 035 |
|
|
|a (RuTPU)RU\TPU\book\103492
|
| 090 |
|
|
|a 96656
|
| 100 |
|
|
|a 20060517d2005 k y0rusy50 ca
|
| 101 |
0 |
|
|a rus
|
| 102 |
|
|
|a RU
|
| 200 |
1 |
|
|a La bonne chanson П. Верлена в переводе Ф. Сологуба (поэтика перевода лирического цикла)
|f А. Б. Стрельникова
|g науч. рук. З. А. Чубракова
|
| 320 |
|
|
|a Библиогр.: 3 назв.
|
| 461 |
|
1 |
|0 (RuTPU)RU\TPU\book\96719
|t Коммуникативные аспекты языка и культуры
|o сборник статей V Всероссийской научно-практической конференции студентов, аспирантов и молодых ученых; г. Томск, ТПУ, 2005
|f Томский политехнический университет; Институт языковой коммуникации; под ред. С. Б. Велединской
|d 2005
|
| 463 |
|
0 |
|0 (RuTPU)RU\TPU\book\96152
|t Ч. 1
|v С. 119-126.
|d 2005
|p 312 с.
|
| 600 |
|
1 |
|a Верлен
|b П.
|c французский поэт
|c символист
|f 1844-1896
|g Поль
|2 stltpush
|3 (RuTPU)RU\TPU\pers\15889
|9 5544
|
| 600 |
|
1 |
|a Сологуб
|g Федор Кузьмич
|b Ф. К.
|c русский писатель-символист
|f 1863-1927
|c настоящая фамилия Тетерников
|2 stltpui
|3 (RuTPU)RU\TPU\pers\29
|
| 610 |
1 |
|
|a переводы
|
| 610 |
1 |
|
|a поэзия
|
| 610 |
1 |
|
|a русские поэты
|
| 610 |
1 |
|
|a французские символисты
|
| 610 |
1 |
|
|a лирика
|
| 610 |
1 |
|
|a символисты
|
| 610 |
1 |
|
|a труды учёных ТПУ
|
| 700 |
|
1 |
|a Стрельникова
|b А. Б.
|c лингвист
|c доцент Томского политехнического университета, кандидат филологических наук
|f 1981-
|g Анна Борисовна
|3 (RuTPU)RU\TPU\pers\28874
|9 13620
|
| 702 |
|
1 |
|a Чубракова
|b З. А.
|4 727
|
| 801 |
|
1 |
|a RU
|b 63413507
|c 20060517
|g PSBO
|
| 801 |
|
2 |
|a RU
|b 63413507
|c 20210209
|g RCR
|
| 942 |
|
|
|c BK
|